Central Library OPAC University of Rajshahi

The Dutch under German occupation, 1940-1945 / (Record no. 64254)

MARC details
000 -LEADER
fixed length control field 00867nam a2200241 a 4500
001 - CONTROL NUMBER
control field 64254
003 - CONTROL NUMBER IDENTIFIER
rucl marc code BD-RJUL
005 - DATE AND TIME OF LATEST TRANSACTION
control field 20211209081303.0
008 - FIXED-LENGTH DATA ELEMENTS--GENERAL INFORMATION
fixed length control field 170212s1972 cau b 001 0 eng d
020 ## - INTERNATIONAL STANDARD BOOK NUMBER
International Standard Book Number 0804701520
035 ## - SYSTEM CONTROL NUMBER
System control number (BD-RJUL) 64384
040 ## - CATALOGING SOURCE
Original cataloging agency BD-RJUL
Transcribing agency BD-RJUL
Modifying agency BD-RJUL
Language of cataloging eng
041 ## - LANGUAGE CODE
Language code of text/sound track or separate title eng
082 ## - DEWEY DECIMAL CLASSIFICATION NUMBER
Edition number 23
Classification number 940.5337
Author mark and year WAD 1972
100 1# - MAIN ENTRY--PERSONAL NAME
Personal name Warmbrunn, Werner,
Dates associated with a name 1920-
9 (RLIN) 190819
245 14 - TITLE STATEMENT
Title The Dutch under German occupation, 1940-1945 /
Statement of responsibility, etc. Werner Warmbrunn.
260 ## - PUBLICATION, DISTRIBUTION, ETC. (IMPRINT)
Place of publication, distribution, etc. Stanford, Calif. ;
Name of publisher, distributor, etc. Stanford University Press ;
Place of publication, distribution, etc. London :
Name of publisher, distributor, etc. Oxford University Press,
Date of publication, distribution, etc. c1963 [Reprinted 1972].
300 ## - PHYSICAL DESCRIPTION
Pagination xiii, 338 p. :
Illustrations ill. ;
Size 24 cm.
504 ## - BIBLIOGRAPHY, ETC. NOTE
Bibliography, etc Includes index and bibliographical references .
650 #0 - SUBJECT ADDED ENTRY--TOPICAL TERM
Topical term or geographic name as entry element World War, 1939-1945
Geographic subdivision Netherlands.
9 (RLIN) 190820
651 #0 - SUBJECT ADDED ENTRY--GEOGRAPHIC NAME
Geographic name Netherlands
General subdivision History
Chronological subdivision German occupation, 1940-1945.
9 (RLIN) 190821
942 ## - ADDED ENTRY ELEMENTS (KOHA)
Source of classification or shelving scheme Dewey Decimal Classification
Koha item type Books
Holdings
Lost status Source of classification or shelving scheme Damaged status Not for loan Collection code Permanent Location Current Location Shelving location Date acquired Source of acquisition Total Checkouts Full call number Date last seen Copy number Koha item type
  Dewey Decimal Classification   Not For Loan Non-fiction Central Library, University of Rajshahi Central Library, University of Rajshahi Reading Room 04/06/1990 Asian Foundation.   940.5337 WAD 1972 12/02/2017 C-1 Books